00342nam a22001217a 450000500170000000800410001704000130005808200230007110000210009424500630011526000310017830000110020920160303094151.0160303b xxu||||| |||| 00| 0 eng d cPK-LaUMT aMMC 954.915bMIR-S aMir khuda bakhsh aSearchlights on Baloches and balochistancMir khuda bakhsh aQuettabNisa tradersc1974 a387 p.